| 000 | 00396nam a2200121Ia 4500 | ||
|---|---|---|---|
| 008 | 220217s9999 xx 000 0 und d | ||
| 245 | 0 | _aNatural rubber in bales- Amount of bale coating- Specification and determination | |
| 260 | _aSwitzerland | ||
| 260 |
_c1975 _bInternational Standards Institution |
||
| 500 | _aStandard number: ISO 1434 | ||
| 650 | _aNatural rubber-bale coating | ||
| 942 | _cST | ||
| 999 |
_c74025 _d74025 |
||